<?xml version="1.0" encoding="UTF-8"?>
<record
    xmlns:xsi="http://www.w3.org/2001/XMLSchema-instance"
    xsi:schemaLocation="http://www.loc.gov/MARC21/slim http://www.loc.gov/standards/marcxml/schema/MARC21slim.xsd"
    xmlns="http://www.loc.gov/MARC21/slim">

  <leader>02158cam a2200301   4500</leader>
  <controlfield tag="005">20250909103830.0</controlfield>
  <controlfield tag="008">030905s1993    ag            000 0 spa u</controlfield>
  <datafield tag="020" ind1=" " ind2=" ">
    <subfield code="a">9506791171 (p.1)</subfield>
  </datafield>
  <datafield tag="020" ind1=" " ind2=" ">
    <subfield code="a">9506791708 (p.2)</subfield>
  </datafield>
  <datafield tag="050" ind1="0" ind2="4">
    <subfield code="a">KH736.M47 </subfield>
    <subfield code="b">M47 1993</subfield>
  </datafield>
  <datafield tag="245" ind1="0" ind2="0">
    <subfield code="a">Mercosur </subfield>
    <subfield code="b"> : perspectivas desde el derecho privado</subfield>
    <subfield code="c"> / Ghersi (director); colaboradores Eduardo Barbier, Adriana Batan, Alberto Dalla Via, Vera Fradera, Daniela Francescut, Erneto Granados, Claudia Lima M&#xE1;rquez, Roberto Muguillo.</subfield>
  </datafield>
  <datafield tag="250" ind1=" " ind2=" ">
    <subfield code="a">1a ed.</subfield>
  </datafield>
  <datafield tag="260" ind1=" " ind2=" ">
    <subfield code="a">Buenos Aires : </subfield>
    <subfield code="b">Universidad, </subfield>
    <subfield code="c">1993</subfield>
  </datafield>
  <datafield tag="300" ind1=" " ind2=" ">
    <subfield code="a">273 ; </subfield>
    <subfield code="c">23 cm.</subfield>
  </datafield>
  <datafield tag="505" ind1="0" ind2=" ">
    <subfield code="t">P.1 Circulaci&#xF3;n de capitales: Contratos de "underwriting" y "factoring", Financiamiento regional de los consumidores por tarjetas de cr&#xE9;dito, Empresas binacionales: su r&#xE9;gimen jur&#xED;dico, Vinculaci&#xF3;n asiciativa de "joint ventures", resp&#xF3;nsabilidad por productos elaborados, Transferencia de tecnolog&#xED;a, Soluci&#xF3;n de conflictos --</subfield>
    <subfield code="t">P.2 Pol&#xED;tica de integraci&#xF3;n y exclusi&#xF3;n social, Las relaciones de la Argentina con los Estados Unidos, El "Nafta" y el "Mercosur", El rol del derecho internacional, Los derechos de propiedad industrial e intelectual en el Mercosur, navegaci&#xF3;n en r&#xED;os, puertos, pasos y canales de la rep&#xFA;blica Argentina Asesores, practicaje, pilotaje y baqueanos, Seguros mar&#xED;timos, mercoseguros, Navegaci&#xF3;n a&#xE9;rea en la Argentina, controladores de vuelo, Libre circulaci&#xF3;n de trabajadores y seguridad social, Los derechos del consumidor, Una visi&#xF3;n comparativa entre Brasil y la Argentina, Codificaci&#xF3;n y Mercosur: Una ecuaci&#xF3;n posible</subfield>
  </datafield>
  <datafield tag="650" ind1="1" ind2="0">
    <subfield code="a">MERCOSUR (organizaci&#xF3;n)</subfield>
  </datafield>
  <datafield tag="651" ind1=" " ind2="7">
    <subfield code="2">lemb</subfield>
    <subfield code="a">Am&#xE9;rica del Sur </subfield>
    <subfield code="x">Integraci&#xF3;n econ&#xF3;mica</subfield>
  </datafield>
  <datafield tag="700" ind1="1" ind2=" ">
    <subfield code="a">Ghersi, Carlos Alberto, </subfield>
    <subfield code="e">director</subfield>
  </datafield>
  <datafield tag="700" ind1="1" ind2=" ">
    <subfield code="a">Barbier, Edueardo, </subfield>
    <subfield code="e">colaborador</subfield>
  </datafield>
  <datafield tag="700" ind1="1" ind2=" ">
    <subfield code="a">Batan, Adriana, </subfield>
    <subfield code="e">colaborador</subfield>
  </datafield>
  <datafield tag="700" ind1="1" ind2=" ">
    <subfield code="a">Dalla Via, Alberto, </subfield>
    <subfield code="e">colaborador</subfield>
  </datafield>
  <datafield tag="700" ind1="1" ind2=" ">
    <subfield code="a">Fradera, Vera, </subfield>
    <subfield code="e">colaborador</subfield>
  </datafield>
  <datafield tag="700" ind1="1" ind2=" ">
    <subfield code="a">Francescut, Daniela, </subfield>
    <subfield code="e">colaborador</subfield>
  </datafield>
  <datafield tag="700" ind1="1" ind2=" ">
    <subfield code="a">Granados, Ernesto, </subfield>
    <subfield code="e">colaborador</subfield>
  </datafield>
  <datafield tag="700" ind1="1" ind2=" ">
    <subfield code="a">Lima M&#xE1;rquez, Claudia, </subfield>
    <subfield code="e">colaboradora</subfield>
  </datafield>
  <datafield tag="700" ind1="1" ind2=" ">
    <subfield code="a">Munguillo, Roberto, </subfield>
    <subfield code="e">colaborador</subfield>
  </datafield>
  <datafield tag="942" ind1=" " ind2=" ">
    <subfield code="2">lcc</subfield>
    <subfield code="c">LIB</subfield>
  </datafield>
  <datafield tag="999" ind1=" " ind2=" ">
    <subfield code="c">132324</subfield>
    <subfield code="d">132324</subfield>
  </datafield>
  <datafield tag="952" ind1=" " ind2=" ">
    <subfield code="1">0</subfield>
    <subfield code="2">lcc</subfield>
    <subfield code="4">0</subfield>
    <subfield code="7">0</subfield>
    <subfield code="a">LIC-002</subfield>
    <subfield code="b">LIC-002</subfield>
    <subfield code="c">GENERAL</subfield>
    <subfield code="d">2019-11-08</subfield>
    <subfield code="f">1a ed.</subfield>
    <subfield code="h">P:1</subfield>
    <subfield code="k">CSA</subfield>
    <subfield code="o">KH736.M47 M47 1993</subfield>
    <subfield code="p">BFD000011826</subfield>
    <subfield code="r">2019-11-08 00:00:00</subfield>
    <subfield code="t">1</subfield>
    <subfield code="v">1.00</subfield>
    <subfield code="y">LIB</subfield>
  </datafield>
  <datafield tag="952" ind1=" " ind2=" ">
    <subfield code="1">0</subfield>
    <subfield code="2">lcc</subfield>
    <subfield code="4">0</subfield>
    <subfield code="7">0</subfield>
    <subfield code="a">LIC-002</subfield>
    <subfield code="b">LIC-002</subfield>
    <subfield code="c">GENERAL</subfield>
    <subfield code="d">2025-07-16</subfield>
    <subfield code="f">1a ed.</subfield>
    <subfield code="h">P:2</subfield>
    <subfield code="k">CSA</subfield>
    <subfield code="l">0</subfield>
    <subfield code="o">KH736.M47 M47 1996</subfield>
    <subfield code="p">BFD000011827</subfield>
    <subfield code="r">2025-07-16 12:59:39</subfield>
    <subfield code="t">1</subfield>
    <subfield code="v">1.00</subfield>
    <subfield code="y">LIB</subfield>
  </datafield>
</record>
